000 00333pab a2200145 454500
008 180718b1986 xxu||||| |||| 00| 0 eng d
100 _aBaxi, Upendra
245 _aA postscript for national unity
260 _c1986
300 _a3-4
362 _a28 June
650 _aPunjab - Politics
773 _aMainstream
909 _a16808
999 _c16808
_d16808